00882nam a2200265 i 4500001001100000003000500011005001700016008004100033020003000074040002500104082001500129082001700144100004700161245008800208264005400296264001100350300002900361336002100390337002500411338002300436500001900459504003300478600006100511650004400572C2-0250991PPAK20240416150149.0030805t19981998my f 0 may d a9789836259103qpaperback  aPPAKbengcPPAKerda04a899.2322304a899.23092230 aSohaimi Abdul Aziz, cDr.,d1960-eauthor.10aRasa-Fenomenologi : bPENERAPAN TERHADAP KARYA A. SAMAD SAID / cSOHAIMI ABDUL AZIZ 1aKuala Lumpur : bDewan Bahasa dan Pustaka, c1998 4c©1998 axii, 325 pages ; c22 cm 2rdacontentatext 2rdamediaaunmediated 2rdacarrieravolume aIncludes index aBibliography: pages 303-315.00aA. Samad Said q(Abdul Samad Said), d1935- xAuthorship10aMalay literaturexHistory and criticism